La protection de l'individu au regard des actes des l'administration; apercu analytique des droits de l'individu dans la procédure administrative dans les recours contre des actes de l'administration
Gardado en:
| Autor Corporativo: | |
|---|---|
| Formato: | Libro |
| Idioma: | francés |
| Publicado: |
Estrasburgo
Conseil de l'Europe
1975
|
| Subjects: | |
| Tags: |
Engadir etiqueta
Sen Etiquetas, Sexa o primeiro en etiquetar este rexistro!
|
MARC
| LEADER | 00000nam a2200000 a 4500 | ||
|---|---|---|---|
| 001 | UCS0717 | ||
| 003 | CL-VaPUC | ||
| 008 | 970426e19750000FR |||||||||||||||||fre|d | ||
| 082 | 0 | 4 | |a 342.085 |b CON |2 21 |
| 110 | 2 | |a Conseil de l'Europe |e author |9 384534 | |
| 245 | 1 | 3 | |a La protection de l'individu au regard des actes des l'administration; apercu analytique des droits de l'individu dans la procédure administrative dans les recours contre des actes de l'administration |
| 300 | |a 36 p | ||
| 942 | |c BK | ||
| 945 | |d 19970426 00:00:00 |a lriquelm | ||
| 260 | |a Estrasburgo |b Conseil de l'Europe |c 1975 | ||
| 650 | 0 | |a Administración pública |9 255343 | |
| 650 | 0 | |a Derechos civiles y políticos |9 338684 | |
| 650 | 0 | |a Procedimiento administrativo |9 256132 | |
| 651 | 7 | |a AUSTRIA |2 CL-VaPUC |9 266851 | |
| 651 | 7 | |a BELGICA |2 CL-VaPUC |9 315122 | |
| 651 | 0 | |a Francia |9 255157 | |
| 651 | 0 | |a Alemania |9 255688 | |
| 651 | 0 | |a Italia |9 254949 | |
| 651 | 7 | |a NORUEGA |2 CL-VaPUC |9 268907 | |
| 651 | 0 | |a Suiza |9 256768 | |
| 651 | 0 | |a Inglaterra |9 255158 | |
| 583 | |a last modification |c 19970426 00:00:00 |k Rodrigo Vera | ||
| 999 | |c 258934 |d 258932 | ||
| 952 | |0 0 |1 0 |2 ddc |4 0 |6 342_085000000000000_CON_1975 |7 0 |8 A |9 283352 |a BIBDER |b BIBDER |d 2019-11-19 |i 1835319 |o 342.085 CON 1975 |p 1835319 |r 2023-01-25 |w 2019-11-19 |y MX |k DER | ||